| 000 | 00877nam a2200265 i 4500 | ||
|---|---|---|---|
| 003 | DO-SdBNP | ||
| 005 | 20250312132306.0 | ||
| 007 | ta | ||
| 008 | 240411b2023 dr ||||| |||| 00| j spa d | ||
| 020 | _a9789945222975 | ||
| 040 |
_aDO-SdBNP _bspa _cBNPHU _erda |
||
| 082 | 4 |
_axxx _bP592c _222 |
|
| 100 | 1 |
_aPichardo Muñiz, Arlette, _d1957- _eautor _4aut. _94580 |
|
| 245 | 1 | 0 |
_aCuéntame Tía : _banda una griipe mataaando gente / _cArlette Pichardo Muñiz ; prólogo Avelino Stanley. |
| 250 | _aPrimera edición | ||
| 264 | 1 |
_aSanto Domingo, República Dominica : _bEditora Buho, _c2023. |
|
| 300 |
_a151 páginas ; _c22 cm. |
||
| 336 |
_atexto _btxt _2rdacontent |
||
| 337 |
_asin mediación _bn _2rdamedia |
||
| 338 |
_avolumen _bnc _2rdacarrier |
||
| 590 | _aInventariado, 2024 /LP | ||
| 700 | 1 |
_aStanley, Avelino, _eprologuista _981556 |
|
| 910 | _aLP | ||
| 942 |
_2ddc _cLBS1 |
||
| 999 |
_c56334 _d56334 |
||